[Event "AUTO-INT-1687"]
[Site "http://www.queenalice.com/game.php?id=768674"]
[Date "2010.4.30"]
[Round "1"]
[White "Drifter"]
[Black "vittalr"]
[Result "0-1"]
[WhiteElo "1668"]
[BlackElo "1660"]

1. e4 e5 2. Nf3 Nc6 3. Bc4 Bc5 4. O-O Nf6 5. Nc3 d6 6. h3 h6 7. d3 g5 8. a3 g4
9. Nd5 gxf3 10. Qxf3 Nxd5 11. Bxd5 Rh7 12. Bxh6 Qh4 13. Bd2 Nd4 14. Qd1 Bxh3 0-1

[Event "AUTO-INT-1687"]
[Site "http://www.queenalice.com/game.php?id=768675"]
[Date "2010.4.30"]
[Round "1"]
[White "vittalr"]
[Black "Drifter"]
[Result "1-0"]
[WhiteElo "1686"]
[BlackElo "1652"]

1. e4 e5 2. Nf3 Nc6 3. Bc4 Nf6 4. O-O Nxe4 5. Re1 d5 6. Bb5 Bd7 7. Bxc6 Bxc6 8.
Nxe5 Qf6 9. Ng4 Qf5 10. d3 O-O-O 11. dxe4 dxe4 12. Qe2 Bb5 13. Qe3 Qxg4 14. Qxa7
b6 15. Qa8+ Kd7 16. Qd5+ Kc8 17. Qxb5 f5 18. h3 Qg6 19. Nc3 Qf7 20. Qa6+ Kd7 21.
Bg5 Be7 22. Qa4+ c6 23. Red1+ Ke8 24. Qxc6+ Rd7 25. Rxd7 1-0

[Event "AUTO-INT-1687"]
[Site "http://www.queenalice.com/game.php?id=768686"]
[Date "2010.4.30"]
[Round "1"]
[White "ION_digo"]
[Black "vittalr"]
[Result "0-1"]
[WhiteElo "1776"]
[BlackElo "1701"]

1. e4 e5 2. Nf3 Nc6 3. Bc4 Nf6 4. Ng5 d5 5. exd5 Nxd5 6. Qf3 Qxg5 7. Bxd5 Be6 8.
Bxc6+ Bd7 9. Bxb7 Rd8 10. Nc3 Be7 11. d3 Qg6 12. Nd5 c6 13. Nb4 Bxb4+ 14. c3 Bc5
15. d4 O-O 16. dxc5 Bg4 17. Bxc6 Bxf3 18. Bxf3 e4 19. Be2 Qxg2 20. Rf1 f5 21.
Bf4 g5 22. Bc4+ Kg7 23. Be5+ Kg6 24. c6 e3 25. c7 Rd2 26. Ba6 Rxf2 27. Rd1 Rxf1+
28. Bxf1 Qf2# 0-1

[Event "AUTO-INT-1687"]
[Site "http://www.queenalice.com/game.php?id=768687"]
[Date "2010.4.30"]
[Round "1"]
[White "vittalr"]
[Black "ION_digo"]
[Result "0-1"]
[WhiteElo "1720"]
[BlackElo "1763"]

1. e4 e5 2. Nf3 Nf6 3. Nxe5 Qe7 4. d4 d6 5. Nc4 Nxe4 6. Be2 Qf6 7. f3 Qh4+ 8. g3
Nxg3 9. Rg1 Ne4+ 10. Rg3 Nxg3 11. hxg3 Qxg3+ 12. Kd2 g6 13. Nc3 Bh6+ 14. Ne3 Qf2
15. Nd5 Bxe3+ 16. Nxe3 Nc6 17. c3 O-O 18. Kc2 Bf5+ 19. Nxf5 gxf5 20. Qh1 Qxe2+
21. Bd2 Qe6 22. Rg1+ Kh8 23. Qh4 Rg8 24. Bg5 Rg6 25. Rh1 h6 26. Re1 Nxd4+ 27.
cxd4 Qc4+ 28. Kb1 Qd3+ 29. Ka1 Kg7 30. Rg1 hxg5 31. Qh5 Rh8 0-1

[Event "AUTO-INT-1687"]
[Site "http://www.queenalice.com/game.php?id=768692"]
[Date "2010.4.30"]
[Round "1"]
[White "bbking"]
[Black "vittalr"]
[Result "0-1"]
[WhiteElo "1514"]
[BlackElo "1676"]

1. e4 e5 2. Nf3 Nc6 3. Bb5 Nf6 4. O-O Bc5 5. Bxc6 bxc6 6. d4 exd4 7. Nxd4 O-O 8.
Nc3 d6 9. Bg5 h6 10. Nxc6 Qe8 11. Bxf6 gxf6 12. Nd4 Kh8 13. Nf5 Qe5 14. Nxh6 Kh7
15. Ng4 Qg5 16. h3 Kg7 17. Nd5 f5 18. b4 fxg4 19. Qxg4 Bxg4 20. hxg4 Rh8 21.
bxc5 dxc5 22. Nxc7 Qh4 23. Nxa8 Qh1# 0-1

[Event "AUTO-INT-1687"]
[Site "http://www.queenalice.com/game.php?id=768693"]
[Date "2010.4.30"]
[Round "1"]
[White "vittalr"]
[Black "bbking"]
[Result "1-0"]
[WhiteElo "1651"]
[BlackElo "1473"]

1. e4 e5 2. Nf3 Nc6 3. Nc3 Nf6 4. Bc4 Nxe4 5. d3 Nxc3 6. bxc3 d5 7. Bb3 d4 8. c4
Bb4+ 9. Bd2 Bg4 10. O-O Bxd2 11. Qxd2 Bxf3 12. gxf3 O-O 13. Kh1 Qd6 14. Rg1 g6
15. Qh6 a5 16. Rg3 a4 17. Rh3 Rfd8 18. c5 Qxc5 19. Qxh7+ 1-0

[Event "AUTO-ADV-1864"]
[Site "http://www.queenalice.com/game.php?id=817455"]
[Date "2010.8.13"]
[Round "1"]
[White "vittalr"]
[Black "luizimbroisi"]
[Result "0-1"]
[WhiteElo "1706"]
[BlackElo "1971"]

1. e4 e5 2. Nf3 Nc6 3. Bc4 Nf6 4. Ng5 d5 5. exd5 Nxd5 6. Nc3 Nce7 7. Qf3 Be6 8.
O-O c6 9. Nce4 Nf5 10. b3 Nd4 11. Qd3 Nf4 12. Qc3 Nfe2+ 0-1

[Event "AUTO-ADV-1864"]
[Site "http://www.queenalice.com/game.php?id=817456"]
[Date "2010.8.13"]
[Round "1"]
[White "luizimbroisi"]
[Black "vittalr"]
[Result "1-0"]
[WhiteElo "1964"]
[BlackElo "1719"]

1. d4 d5 2. c4 e5 3. dxe5 d4 4. Nf3 Nc6 5. Bf4 Bf5 6. a3 Qd7 7. Nbd2 O-O-O 8. g3
f6 9. exf6 Nxf6 10. Bg2 d3 11. O-O Bc5 12. b4 Bd4 13. Nxd4 Nxd4 14. e4 Bh3 15.
e5 Bxg2 16. Kxg2 Qc6+ 17. f3 Ng4 18. b5 Qe6 19. fxg4 Ne2 20. Qb3 Qxg4 21. Rad1
h5 22. Ne4 h4 23. Rxd3 hxg3 24. Rxd8+ Kxd8 25. Qd3+ Kc8 26. Bxg3 Qh3+ 27. Kf2
Rf8+ 28. Nf6 Nxg3 29. Qxg3 Qf5+ 30. Kg1 1-0

[Event "AUTO-ADV-1864"]
[Site "http://www.queenalice.com/game.php?id=817457"]
[Date "2010.8.13"]
[Round "1"]
[White "vittalr"]
[Black "zemorais"]
[Result "0-1"]
[WhiteElo "1737"]
[BlackElo "1682"]

1. d4 d5 2. Nc3 Nc6 3. e4 e6 4. Nf3 dxe4 5. Nxe4 Nf6 6. Nc3 Bb4 7. Bc4 O-O 8.
Qd3 a6 9. O-O Bd6 10. Ng5 h6 11. Nh3 b5 12. Bb3 Na5 13. d5 exd5 14. Nxd5 Nxd5
15. Bxd5 c6 16. Be4 g6 17. Bxh6 Re8 18. Bxg6 Re6 19. Bh7+ Kh8 20. Ng5 Rxh6 21.
Nxf7+ Kg7 22. Nxd8 Nc4 23. Bf5 Bxf5 24. Qxf5 Bxh2+ 25. Kh1 Rxd8 26. g3 Bxg3+ 27.
Kg2 Rg6 28. Rae1 Bd6+ 29. Kf3 Rf8 0-1

[Event "AUTO-ADV-1864"]
[Site "http://www.queenalice.com/game.php?id=817458"]
[Date "2010.8.13"]
[Round "1"]
[White "zemorais"]
[Black "vittalr"]
[Result "0-1"]
[WhiteElo "1688"]
[BlackElo "1701"]

1. e4 e5 2. Nf3 d5 3. exd5 Qxd5 4. Nc3 Qd8 5. d3 Bc5 6. h3 Nf6 7. Bg5 O-O 8. Ne4
Bf5 9. Nxc5 h6 10. Bxf6 Qxf6 11. Nxb7 Qb6 12. g4 Bg6 13. Bg2 Qxb7 14. Rg1 Nc6
15. Qc1 e4 16. Nh4 Rad8 17. Nxg6 fxg6 18. Bxe4 Rde8 19. f3 Qb6 20. Rg2 Rxf3 21.
Ke2 Rxh3 22. Kd2 Ne5 23. Qf1 Qe3+ 24. Kd1 Rf8 25. Qe2 Rh1+ 0-1

[Event "AUTO-ADV-1864"]
[Site "http://www.queenalice.com/game.php?id=817459"]
[Date "2010.8.13"]
[Round "1"]
[White "vittalr"]
[Black "CSilva"]
[Result "1-0"]
[WhiteElo "1716"]
[BlackElo "1593"]

1. d4 d5 2. Nc3 Nf6 3. Nf3 e6 4. Ne5 Nbd7 5. Bf4 Nxe5 6. dxe5 Nd7 7. e4 dxe4 8.
Nxe4 Be7 9. Qh5 O-O 10. Bd3 g6 11. Qh6 Re8 12. Ng5 Bxg5 13. Bxg5 f6 14. Bxg6
hxg6 15. Qxg6+ Kh8 16. exf6 1-0

[Event "AUTO-ADV-1864"]
[Site "http://www.queenalice.com/game.php?id=817460"]
[Date "2010.8.13"]
[Round "1"]
[White "CSilva"]
[Black "vittalr"]
[Result "0-1"]
[WhiteElo "1582"]
[BlackElo "1727"]

1. e4 e5 2. Nf3 d5 3. exd5 Qxd5 4. Nc3 Qc5 5. d4 exd4 6. Qxd4 Nc6 7. Qe4+ Be7 8.
Bg5 Nf6 9. Bxf6 gxf6 10. Bc4 Bf5 11. Qe2 Bxc2 12. Bxf7+ Kxf7 13. Qxc2 Ne5 14.
Nxe5+ Qxe5+ 15. Qe2 Qxe2+ 0-1

[Event "AUTO-INT-1687"]
[Site "http://www.queenalice.com/game.php?id=817746"]
[Date "2010.8.13"]
[Round "2"]
[White "spin27"]
[Black "vittalr"]
[Result "1-0"]
[WhiteElo "1743"]
[BlackElo "1671"]

1. e4 e5 2. Nf3 d5 3. Bd3 Nf6 4. Qe2 Bd6 5. O-O Nc6 6. Nc3 Bc5 7. exd5 Nxd5 8.
Nxe5 O-O 9. Nxc6 bxc6 10. Ne4 Bd6 11. c4 Nf4 12. Qe3 Re8 13. b3 f5 14. c5 Be5
15. Bc4+ Kh8 16. Rb1 fxe4 17. Bb2 Bf6 18. Qxf4 Bg5 19. Qg3 Rf8 20. Qe5 Bf6 21.
Qxe4 Bh4 22. Qxc6 Bf5 23. Rbd1 Qg5 24. f4 Qe7 25. Be5 Rad8 26. Qxc7 Rd7 27. Qc6
Bf6 28. h3 Bxe5 29. fxe5 Qxe5 30. Rde1 Qd4+ 31. Re3 g6 32. g4 Qxd2 33. Re2 Qd4+
34. Kh2 Rf6 35. Qc8+ Rd8 36. Re8+ Kg7 37. Qxd8 1-0

[Event "AUTO-INT-1687"]
[Site "http://www.queenalice.com/game.php?id=817747"]
[Date "2010.8.13"]
[Round "2"]
[White "vittalr"]
[Black "spin27"]
[Result "0-1"]
[WhiteElo "1713"]
[BlackElo "1728"]

1. d4 d5 2. Nc3 Bf5 3. e3 e6 4. Be2 Qf6 5. a3 c5 6. dxc5 Bxc5 7. Nf3 Ne7 8. Nb5
Na6 9. Bd2 Qxb2 10. Nfd4 Nc6 11. Bc3 Qxa1 12. Bxa1 O-O 13. Nxf5 exf5 14. Qxd5 g6
15. g4 Rfd8 16. Qc4 Na5 17. Qc3 Kf8 0-1

[Event "AUTO-ADV-2030"]
[Site "http://www.queenalice.com/game.php?id=882689"]
[Date "2011.1.7"]
[Round "1"]
[White "vittalr"]
[Black "thewhitebishop"]
[Result "0-1"]
[WhiteElo "1682"]
[BlackElo "2067"]

1. d4 Nf6 2. Nf3 g6 3. c3 d5 4. Bf4 Bf5 5. e3 e6 6. Be2 c5 7. Ne5 Qb6 8. O-O
Nbd7 9. Qa4 O-O-O 10. Nxf7 c4 11. Nxh8 a6 12. Nf7 Re8 13. b4 Ne4 14. Ne5 Re7 15.
Nxd7 Rxd7 16. Na3 Nxc3 17. Qa5 Nxe2+ 18. Kh1 Qxa5 19. bxa5 Bxa3 20. h3 c3 0-1

[Event "AUTO-ADV-2030"]
[Site "http://www.queenalice.com/game.php?id=882690"]
[Date "2011.1.7"]
[Round "1"]
[White "thewhitebishop"]
[Black "vittalr"]
[Result "1-0"]
[WhiteElo "2029"]
[BlackElo "1680"]

1. d4 d5 2. c4 e6 3. Nc3 Nf6 4. cxd5 exd5 5. Bg5 Be7 6. e3 O-O 7. Qc2 g6 8. Bd3
c6 9. Nge2 Na6 10. a3 Qa5 11. O-O Qc7 12. b4 Qd8 13. Rac1 Nc7 14. f3 Ne6 15. h4
Nxg5 16. hxg5 Nh5 17. f4 Kg7 18. e4 f6 19. gxf6+ Bxf6 20. f5 Bg5 21. g4 Be3+ 22.
Kg2 1-0

[Event "AUTO-ADV-2030"]
[Site "http://www.queenalice.com/game.php?id=882691"]
[Date "2011.1.7"]
[Round "1"]
[White "vittalr"]
[Black "joaoreis001"]
[Result "0-1"]
[WhiteElo "1678"]
[BlackElo "1683"]

1. d4 Nf6 2. Nf3 e6 3. Bf4 h6 4. Nbd2 Bb4 5. c3 Ba5 6. e3 d6 7. e4 a6 8. Bd3 d5
9. O-O O-O 10. e5 Nh5 11. g4 Nxf4 12. Bb1 Nd7 13. h4 Ng6 14. h5 Nf4 15. Kh2 f5
16. g5 hxg5 17. Kg3 Nxh5+ 18. Kh2 b5 0-1

[Event "AUTO-ADV-2030"]
[Site "http://www.queenalice.com/game.php?id=882692"]
[Date "2011.1.7"]
[Round "1"]
[White "joaoreis001"]
[Black "vittalr"]
[Result "0-1"]
[WhiteElo "1859"]
[BlackElo "1658"]

1. d4 d5 2. c4 e6 3. e3 Nf6 4. f3 Bd6 5. c5 Be7 6. Qc2 O-O 7. Bd3 Nc6 8. e4 Nxd4
9. Qc3 dxe4 10. fxe4 b6 11. c6 e5 12. Be3 a5 13. Nd2 Bb4 14. Qc1 Nb3 15. axb3
Qxd3 16. Bf2 Nxe4 17. Nf3 Rd8 18. Qc4 Bxd2+ 19. Kd1 Nxf2# 0-1